000 01237cam a2200385Ia 4500
001 50758
003 BJBSDDR
005 20250722133120.0
007 ta
008 250722s 2016nyu j b 000 1 eng d
010 _a 2003109506
020 _a9781435163669
020 _a1435163664
029 1 _aYDXCP
_b2129890
035 _a(OCoLC)ocm55652452
035 _a(OCoLC)55652452
040 _aCPP
_cCPP
_dOCLCQ
_dBAKER
_dYDXCP
_beng
041 _aeng
043 _an-us-mo
_an-usm--
049 _aGRAL
050 1 4 _bT969a 2016
100 1 _aTwain, Mark,
_d1835-1910
_927845
245 1 4 _aThe adventures of Tom Sawyer /
_cMark Twain.
260 _aNew York :
_bBarnes & Noble Classics,
_c2016.
300 _aix, 212 pages ;
_c22 cm.
440 _aBarnes & Noble classics
_911540
504 _aIncludes bibliographical references (p. 247-249).
520 _aThe adventures of a mischievous young boy and his friends growing up in a Mississippi River town in the nineteenth century.
650 0 _aSawyer, Tom (Fictitious character)
_vJuvenile fiction.
650 0 _aBoys
_zMissouri
_vJuvenile fiction.
651 1 _aMississippi River
_vFiction.
651 1 _aMissouri
_vFiction.
942 _2lcc
_cBK
_n0
946 _irmza
999 _c124359
_d124359